Turnieje ATP Tour Masters 1000 - Statystyki

Ogólne statystyki
  • Ten quiz został rozwiązany 213 razy
  • Średni wynik to 7 z 9
Statystyki odpowiedzi
Turniej Miasto Nawierzchnia % Poprawnych
Madrid Open Hiszpania Ziemna
94%
Internazionali d’Italia Włochy Ziemna
92%
Paris Masters Francja Twarda (hala)
89%
Miami Open Stany Zjednoczone Twarda
84%
Shanghai Masters Szanghaj Twarda
76%
Canadian Open Kanada Twarda
73%
Indian Wells Masters Stany Zjednoczone Twarda
71%
Cincinnati Masters Stany Zjednoczone Twarda
60%
Monte Carlo Masters Francja Ziemna
51%
Nie znaleziono quizów pasujących do podanych kryteriów
Rozkład punktacji
Procent ludzi z każdym wynikiem
Percentyl według liczby udzielonych odpowiedzi
Twoja historia wyników
Nie rozwiązałeś tego quizu